000 00591nam a2200181 i 4500
001 52607
003 ES-MaACL
005 20230906162617.0
007 t|
008 030901s1960 ag ||||1| spa d
100 1 _aDavis, Pearce.
_942983
245 1 0 _aEconomía laboral moderna /
_cPearce Davis, Gerald J. Matchett ; traducción directa del inglés por R. Boch.
260 _aBuenos Aires :
_bEditorial Bibliográfica-Argentina,
_c[1960]
300 _a682 p. ;
_c24 cm.
700 1 _aMatchett, Gerald J.
_978928
700 1 _aBoch, Juan R.
_929669
852 _aES-MaACL
_jC-24601
_bR.53526
999 _c52607
_d52607